000 00642nam a22002172 4500
001 0000009586
005 20151217155840.0
008 081111s xx 000 0 eng d
020 _cDonation
040 _aKABU
_cKABU
100 1 _aFurneaux, Rupert.
_@0000065891
245 1 4 _aThe Murder of Lord Erroll /
_cby Rupert Furneaux.
250 _a1st ed.
260 _aLondon :
_bStevens,
_c1961.
300 _aix, 180 p.
600 1 0 _aErroll, Josslyn Hay, Earl.
_@0000161298
650 0 _aMurder
_xCase studies
_zKenya
_zNairobi.
_@0000161299
908 _a081111
950 _@1
999 _c13182
_d13182